01065nab a22002417a 4500999001500000003000400015005001700019008004100036040000700077100003400084245010900118300001200227500003700239505014600276505008600422650002800508650001900536650002800555650003600583650003500619773015600654942001300810 c6209d6209OSt20260125221911.0190514b xxu||||| |||| 00| 0 spa d cPJ 96694aRoldan, Cinthia Vanesa 10aUna queja valiosa :bactualización por inflación de la cuota alimentaria / cCinthia Vanesa Roldan.  ap. 8-16 aCita: TR LALEY AR/DOC/1520/2024. aSumario: I. Introducción.— II. La plataforma fáctica.— III. Análisis del dictamen.— IV. Reflexiones finales.— V. Breve cierre.  tFallo comentado: CS ~ 20/02/2024 ~ G., S. M. y otro c. K., M. E. A. s/alimentos.  09967aDERECHO DE FAMILIA 09968aALIMENTOS 094099aCUOTA ALIMENTARIA 093790aACTUALIZACIÓN MONETARIA 091057aJURISPRUDENCIA APLICABLE0 0284493222dBuenos Aires : AbeledoPerrot, 1989-tDerecho de familia. Revista Interdisciplinaria de doctrina y jurisprudencia. Agosto 2024-IV.z18511201 2udccANA